| 000 | 00643nam a2200181 a 4500 | ||
|---|---|---|---|
| 003 | AM-YeHGA | ||
| 005 | 20250617154449.0 | ||
| 008 | 180515s1952 ru |||||r|||||00||0|rus|| | ||
| 040 | _aAM-YeHGA | ||
| 041 | 1 |
_arus _hukr |
|
| 100 | 1 | _aБажан, Микола Платонович | |
| 245 | 1 | 0 |
_aСталинградская тетрадь. _bСтихи. Перевод с украинского / _cМ. Бажан |
| 260 |
_aСталинград : _bОбл. книгоизд-во, _c1952. |
||
| 300 |
_a31 с. ; _c20 см. |
||
| 650 | 1 | 4 |
_aБелорусская литература _xПоэзия |
| 942 |
_2udc _cBK |
||
| 090 | _c414888 | ||
| 999 |
_c412586 _d412586 |
||